000 00696nam a2200217Ii 4500
003 JO-AjNU
008 230605s9999||||xx |||||||||||||| ||und||
017 _a2008/9/3116
040 _aJO-AjNU
_bara
_erda
_cJO-AjNU
041 _aara
050 1 4 _aHF5427.H3992.2009
100 3 _aالحيالي،وليد ناجي,
_eauthor
_933416
245 0 0 _aالاتجاهات الحديثة في التحليل المالي
250 _aط1
264 3 1 _aعمان:دار اثراء للنشر والتوزيع؛2009
300 _a208ص
336 _atext
_btxt
_2rdacontent
337 _aunmediated
_bn
_2rdamedia
338 _avolume
_bnc
_2rdacarrier
650 4 _aالمالية -تحليل
_933417
999 _aA13599
_c17167
_d17167